000 00795nam a2200217 i 4500
001 83625
003 ES-MaACL
005 20230906174851.0
007 t|
008 041117s1961 sp ||||1| spa d
100 1 _aIselin, Marc.
_965551
245 1 0 _aCirugía de la mano
_b: atlas de Anatomía y técnica operatoria /
_cMarc Iselin ; con la colaboración de Luc Gossé, Serge Boussard y Daniel Benoist ; prólogo V. Sanchis Olmos ; traducción J. Boxados Recasens.
260 _aMadrid :
_bMorata,
_c[1961]
300 _a342 p. :
_bil. ;
_c22 cm.
700 1 _aGossé, Luc.
_959258
700 1 _aBoussard, Serge.
_931041
700 1 _aBenoist, Daniel.
_927746
700 1 _aSanchís Olmos, Vicente.
_9103018
700 1 _aBoxados Recasens, J.
_931162
852 _aES-MaACL
_jB-5029
_bR.48202
999 _c83625
_d83625